España en mi recuerdo (Record no. 150761)

MARC details
000 -LEADER
campo de control de longitud fija 00666nam a2200193 i 4500
001 - NÚMERO DE CONTROL
campo de control 150761
003 - IDENTIFICADOR DE NÚMERO DE CONTROL
campo de control ES-MaACL
005 - FECHA Y HORA DE LA ÚLTIMA TRANSACCIÓN
campo de control 20250802062553.0
007 - CAMPO FIJO DE DESCRIPCIÓN FÍSICA--INFORMACIÓN GENERAL
campo de control de longitud fija t|
008 - DATOS DE LONGITUD FIJA--INFORMACIÓN GENERAL
campo de control de longitud fija 071108q19401949sp ||||1| spa d
245 00 - MENCIÓN DEL TÍTULO
Título España en mi recuerdo
Resto del título : selección de 346 textos literarios /
Mención de responsabilidad, etc. [selección antológica de textos y fotografías: José Castellano...].
260 ## - PUBLICACIÓN, DISTRIBUCIÓN, ETC.
Lugar de publicación, distribución, etc. Barcelona :
Nombre del editor, distribuidor, etc. Mateu,
Fecha de publicación, distribución, etc. [194-?]
300 ## - DESCRIPCIÓN FÍSICA
Extensión 431 p., 13 lám. :
Otras características físicas il. ;
Dimensiones 22 cm.
650 17 - PUNTO DE ACCESO ADICIONAL DE MATERIA--TÉRMINO DE MATERIA
Término de materia o nombre geográfico como elemento de entrada Literatura española
Fuente del encabezamiento o término embne
9 (RLIN) 14539
651 #4 - PUNTO DE ACCESO ADICIONAL DE MATERIA--NOMBRE GEOGRÁFICO
Nombre geográfico España-
Subdivisión general En la literatura.
9 (RLIN) 8195
700 1# - ENTRADA AGREGADA--NOMBRE PERSONAL
Nombre de persona Castellano, José.
9 (RLIN) 36504
852 ## - LOCALIZACIÓN
Ubicación ES-MaACL
Número de control de estantería C-11304
Sublocalización o colección R.39410
Holdings
Estatus retirado Estado de pérdida Estado de daño No para préstamo Biblioteca de origen Biblioteca actual Ubicación en estantería Fecha de adquisición Fuente de adquisición Total de préstamos Signatura topográfica completa Código de barras Visto por última vez Precio de reemplazo Tipo de ítem Koha
        Biblioteca del Ateneo de Madrid Biblioteca del Ateneo de Madrid Sala Palomar 17/01/2008     C-11304 1157310 23/02/2023 23/02/2023 Libro impreso